LIBRARY & INFORMATION CENTRE, KCAET, TAVANUR

ONLINE PUBLIC ACCESS CATALOGUE (OPAC)

Meat and meat products technolgy (Including poultry products technology) (Record no. 14859)

MARC details
000 -LEADER
fixed length control field 00325nam a22001217a 4500
020 ## - INTERNATIONAL STANDARD BOOK NUMBER
ISBN 8171796796
082 ## - DEWEY DECIMAL CLASSIFICATION NUMBER
Classification number 664.92
Item number SHA/ME
100 ## - MAIN ENTRY--AUTHOR NAME
Personal name Sharma, B D
245 ## - TITLE STATEMENT
Title Meat and meat products technolgy (Including poultry products technology)
260 ## - PUBLICATION, DISTRIBUTION, ETC. (IMPRINT)
Place of publication New Delhi
Name of publisher Jaypee Brothers
Year of publication 1999
300 ## - PHYSICAL DESCRIPTION
Number of Pages 139p
942 ## - ADDED ENTRY ELEMENTS (KOHA)
Koha item type Books
Holdings
Withdrawn status Lost status Damaged status Collection code Home library Current library Shelving location Date acquired Source of acquisition Cost, normal purchase price Full call number Accession Number Koha item type
        KAUAET KAUAET General Stacks 30/03/2017 Neoti book Agency 39500.00 664.92 SHA/ME 25325 Books
        KAUAET KAUAET General Stacks 30/03/2017 Neoti book Agency 39500.00 664.92 SHA/ME 25326 Books
free website counter